<?xml version="1.0" encoding="UTF-8"?>
<record
    xmlns:xsi="http://www.w3.org/2001/XMLSchema-instance"
    xsi:schemaLocation="http://www.loc.gov/MARC21/slim http://www.loc.gov/standards/marcxml/schema/MARC21slim.xsd"
    xmlns="http://www.loc.gov/MARC21/slim">

  <leader>00530nam a2200133 a 4500</leader>
  <controlfield tag="001">000020858</controlfield>
  <controlfield tag="005">20200930011158.0</controlfield>
  <controlfield tag="008">100818s1974    dr            000 0 spa d</controlfield>
  <datafield tag="110" ind1=" " ind2=" ">
    <subfield code="a">Conferencia del Episcopado Dominicano .</subfield>
    <subfield code="b">Secretariado Nacional de Pastoral de Conjunto.</subfield>
    <subfield code="9">43723</subfield>
  </datafield>
  <datafield tag="245" ind1=" " ind2="0">
    <subfield code="a">A&#xF1;o santo :</subfield>
    <subfield code="b">la reconciliaci&#xF3;n y el respeto al derecho ajeno, 11 temas para asambleas familiares.</subfield>
  </datafield>
  <datafield tag="260" ind1=" " ind2=" ">
    <subfield code="a">Santo Domingo :</subfield>
    <subfield code="b">Secretariado Nacional de Pastoral de Conjunto,</subfield>
    <subfield code="c">1974.</subfield>
  </datafield>
  <datafield tag="300" ind1=" " ind2=" ">
    <subfield code="a">67 p. ;</subfield>
    <subfield code="c">21 cm.</subfield>
  </datafield>
  <datafield tag="999" ind1=" " ind2=" ">
    <subfield code="c">20361</subfield>
    <subfield code="d">20361</subfield>
  </datafield>
  <datafield tag="040" ind1=" " ind2=" ">
    <subfield code="a">DO-SdBNP</subfield>
  </datafield>
</record>
